[Event "Skakligaen 2004-05"]
[Site "Denmark"]
[Date "2005.03.05"]
[Round "7.7"]
[White "Christensen, Janus"]
[Black "Bekker Jensen, Simon"]
[Result "0-1"]
[WhiteElo "2090"]
[BlackElo "2404"]
[PlyCount "72"]
[EventDate "2004.11.06"]
[EventType "team"]
[EventRounds "7"]
[EventCountry "DEN"]
[SourceDate "2004.11.06"]
[WhiteTeam "Skolerne"]
[BlackTeam "Helsinge"]
[WhiteTeamCountry "DEN"]
[BlackTeamCountry "DEN"]

1. e4 c5 2. a3 Nc6 3. b4 cxb4 4. axb4 Nxb4 5. d4 d5 6. c3 Nc6 7. Bb5 e6 8. Qa4
Bd7 9. exd5 exd5 10. Nf3 Nf6 11. O-O Be7 12. Ba3 O-O 13. Bxe7 Nxe7 14. Re1 Bxb5
15. Qxb5 Qc7 16. Nbd2 Nf5 17. Qd3 Nd6 18. Rac1 Rac8 19. Nh4 Rfe8 20. Re5 Nde4
21. Ndf3 Ng4 22. Rxd5 Ngxf2 23. Qb5 Ng4 24. h3 Ngf6 25. Re5 Nxc3 26. Rxc3 Qxc3
27. Qxb7 Qc1+ 28. Kf2 Rxe5 29. Nxe5 Qf4+ 30. Nhf3 Ne4+ 31. Ke2 Qf5 32. Ke3 Ng3
33. h4 Rc3+ 34. Kf2 Nh1+ 35. Ke2 Qc2+ 36. Nd2 Ng3+ 0-1

[Event "Skakligaen 2004-05"]
[Site "Denmark"]
[Date "2005.03.05"]
[Round "7.8"]
[White "Bekker Jensen, David"]
[Black "Lund, Jesper"]
[Result "1-0"]
[WhiteElo "2275"]
[BlackElo "2000"]
[PlyCount "53"]
[EventDate "2004.11.06"]
[EventType "team"]
[EventRounds "7"]
[EventCountry "DEN"]
[SourceDate "2004.11.06"]
[WhiteTeam "Helsinge"]
[BlackTeam "Skolerne"]
[WhiteTeamCountry "DEN"]
[BlackTeamCountry "DEN"]

1. d4 Nf6 2. c4 d6 3. Nf3 Nbd7 4. Nc3 e5 5. e4 Be7 6. Be2 O-O 7. O-O c6 8. Be3
Qc7 9. d5 Ne8 10. b4 Ndf6 11. Nd2 Bd7 12. Rc1 Qc8 13. c5 dxc5 14. bxc5 Ng4 15.
Bxg4 Bxg4 16. Qb3 Kh8 17. Nc4 Bf6 18. Rb1 Rb8 19. Qa3 Nc7 20. Nd6 Qd7 21. Qxa7
cxd5 22. exd5 e4 23. Ncxe4 Nxd5 24. Nxf6 gxf6 25. Rxb7 Rxb7 26. Qxb7 Qe6 27.
Bh6 1-0